000 00423pab a2200145 454500
008 180718b1999 xxu||||| |||| 00| 0 eng d
100 _aMoinuddin, S.K.
245 _aAdministrative and financial arrangements for watershed development projects with peoples participation
260 _c1999
300 _ap.591-96
362 _aOct-Dec
650 _aWatersheds
773 _aJournal of Rural Development
909 _a44124
999 _c44124
_d44124